00566 2200193 4500001002100000005001500021035002000036245003800056100001600094250002000110300003500130856001800165260008200183082001600265084002200281020002100303650002600324650002200350INLIS00000000000003920250710114358 a0010-07250000391 aBuku berharga lodi /cIwok abqary0 aIwok abqary aCetakan pertama a28 hlm. :bIlus. ;c29,7x21 cm aTBM As suhada aRawamangun :bKementerian pendidikan, kebudayaan, riset, dan teknologi,c2024 a398.209 598 a398.209 598 IWO b a978-623-118795-6 4aCerita anak-indonesia 4aKesusastraan anak